Statistiken für Größte Städte/Gemeinden Griechenlands

Klicken Sie hier um das Quiz zu spielen!

Allgemein

  • Dieses Quiz wurde 240 mal gespielt
  • Das Durchschnittsergebnis liegt bei 6 aus 12

Antwortstatistiken

#BevölkerungGemeindeRegion% Korrekt
1664.046AthenAttika
100%
2325.182ThessalonikiZentralmakedonien
92%
4173.993IraklioKreta
69%
5163.688PiräusAttika
56%
6162.591LarisaThessalien
53%
3213.984PatrasWestgriechenland
53%
11108.642ChaniaKreta
45%
10112.486IoanninaEpirus
36%
9115.490RhodosSüdliche Ägäis
34%
7144.449VolosThessalien
33%
8139.981PeristeriAttika
9%
12106.943AcharnesAttika
4%

Verteilung der Resultate

Perzentil nach korrekt beantworteten Fragen

Anzahl Personen mit jedem Resultat

Ihre Resultats-Entwicklung

Sie haben dieses Quiz noch nicht gespielt